[Event "4NCL Division 2a"]
[Site "Birmingham Airport ENG"]
[Date "2015.03.28"]
[Round "7.244"]
[White "Trevelyan, John"]
[Black "Green, Andrew D"]
[Result "0-1"]
[WhiteElo "2112"]
[BlackElo "2151"]
[PlyCount "93"]
[EventDate "2015.03.28"]
[WhiteTeam "Rhyfelwyr Essyllwg 1"]
[BlackTeam "KJCA Kings"]

1. d4 Nf6 2. c4 g6 3. Nc3 d5 4. Nf3 Bg7 5. Bg5 Ne4 6. cxd5 Nxg5 7. Nxg5 e6 8.
Nf3 exd5 9. e3 O-O 10. Rc1 c6 11. Bd3 Qd6 12. O-O Re8 13. Na4 Nd7 14. Qc2 Nf6
15. a3 Ne4 16. Nc5 Nxc5 17. Qxc5 Bf8 18. Qxd6 Bxd6 19. Nd2 Bd7 20. e4 Bf4 21.
Rc2 Bxd2 22. Rxd2 dxe4 23. Bb1 Rad8 24. Re1 f5 25. g4 Be6 26. gxf5 gxf5 27. f3
exf3 28. Kf2 Bd5 29. Rxe8+ Rxe8 30. Bxf5 Kg7 31. Bg4 Kg6 32. Bxf3 Rf8 33. Rd3
Kg5 34. Kg3 Rxf3+ 35. Rxf3 Bxf3 36. Kxf3 Kh4 37. Kf4 Kh3 38. Kg5 Kxh2 39. Kh6
Kg3 40. Kxh7 Kf4 41. Kg6 Ke4 42. Kf6 Kxd4 43. Ke6 Kc4 44. Kd6 Kb3 45. Kc7 Kxb2
46. Kxb7 c5 47. a4 0-1

[Event "4NCL Division 2a"]
[Site "Birmingham Airport ENG"]
[Date "2015.03.28"]
[Round "7.245"]
[White "Jones, William EG"]
[Black "Martin Perez, Javier"]
[Result "1-0"]
[WhiteElo "2113"]
[BlackElo "2038"]
[PlyCount "63"]
[EventDate "2015.03.28"]
[WhiteTeam "KJCA Kings"]
[BlackTeam "Rhyfelwyr Essyllwg 1"]

1. e4 e6 2. d4 d5 3. Nc3 Bb4 4. e5 Ne7 5. a3 Bxc3+ 6. bxc3 c5 7. Qg4 Qc7 8.
Qxg7 Rg8 9. Qxh7 cxd4 10. Ne2 Nbc6 11. f4 Bd7 12. Qd3 dxc3 13. Rb1 O-O-O 14.
Rg1 d4 15. g4 Nd5 16. Nxd4 Nxe5 17. fxe5 Qxe5+ 18. Be2 Qxh2 19. Qg3 Qxg3+ 20.
Rxg3 e5 21. Nb5 f5 22. Nxc3 f4 23. Nxd5 fxg3 24. Ne7+ Kc7 25. Nxg8 Rxg8 26. Rb3
g2 27. Rg3 Bc6 28. Be3 a5 29. g5 Kd6 30. Bc4 Rh8 31. g6 Rh1+ 32. Kd2 1-0

[Event "4NCL Division 2a"]
[Site "Birmingham Airport ENG"]
[Date "2015.03.28"]
[Round "7.246"]
[White "Smith, Olivia"]
[Black "Grove, Michael"]
[Result "1/2-1/2"]
[WhiteElo "2009"]
[BlackElo "2055"]
[PlyCount "86"]
[EventDate "2015.03.28"]
[WhiteTeam "Rhyfelwyr Essyllwg 1"]
[BlackTeam "KJCA Kings"]

1. e4 e5 2. Nf3 Nc6 3. Bc4 Nf6 4. d3 Bc5 5. c3 d6 6. a4 a5 7. O-O O-O 8. Nbd2
Bb6 9. h3 h6 10. Re1 Nh5 11. d4 Qf6 12. Nxe5 dxe5 13. Qxh5 exd4 14. e5 Qf5 15.
Qxf5 Bxf5 16. Nf3 Be6 17. Bb5 Rfd8 18. Bxc6 bxc6 19. cxd4 Bxd4 20. Nxd4 Rxd4
21. Be3 Rb4 22. Rec1 Bd5 23. Rc2 Re4 24. Rc5 Rxe5 25. Bd2 Re2 26. Bxa5 Rxb2 27.
Bxc7 f6 28. a5 Rb5 29. Rac1 Kf7 30. Bb6 Rb2 31. R5c3 g5 32. Re3 Re8 33. Ra3 Ra8
34. Bd4 Rb4 35. Bc5 Rc4 36. Rxc4 Bxc4 37. Bb6 Bb5 38. Ra2 Ke6 39. Kh2 h5 40.
Kg3 h4+ 41. Kh2 Ba6 42. g3 hxg3+ 43. fxg3 Bc4 1/2-1/2

[Event "4NCL Division 2a"]
[Site "Birmingham Airport ENG"]
[Date "2015.03.28"]
[Round "7.247"]
[White "Ganesan, Arasu"]
[Black "Freeland, Alex"]
[Result "0-1"]
[WhiteElo "2095"]
[BlackElo "1926"]
[PlyCount "72"]
[EventDate "2015.03.28"]
[WhiteTeam "KJCA Kings"]
[BlackTeam "Rhyfelwyr Essyllwg 1"]

1. d4 d5 2. c4 e6 3. Nc3 c5 4. cxd5 exd5 5. Nf3 Nc6 6. g3 Nf6 7. Bg2 Be7 8. O-O
O-O 9. Bg5 c4 10. Ne5 Be6 11. b3 Qa5 12. Nxc6 bxc6 13. Na4 Rab8 14. Bf4 Rb7 15.
bxc4 Rb4 16. Nc5 Bxc5 17. dxc5 Rxc4 18. Bd6 Re8 19. Qb3 Rb4 20. Qc3 Bf5 21. Be5
Re6 22. Bxf6 gxf6 23. Rfc1 Rb5 24. Bf1 Kg7 25. e4 Rxe4 26. Bxb5 Qxb5 27. f3 Rb4
28. g4 Bg6 29. a4 Qb8 30. Qe1 Rb2 31. Qg3 Qb4 32. g5 Qd4+ 33. Kh1 fxg5 34. Qxg5
Rf2 35. Rd1 Qb2 36. Rab1 Rxh2+ 0-1

[Event "4NCL Division 2a"]
[Site "Birmingham Airport ENG"]
[Date "2015.03.28"]
[Round "7.248"]
[White "Guha, Chirag"]
[Black "Giles, Yasmin"]
[Result "0-1"]
[WhiteElo "1645"]
[BlackElo "1868"]
[PlyCount "74"]
[EventDate "2015.03.28"]
[WhiteTeam "Rhyfelwyr Essyllwg 1"]
[BlackTeam "KJCA Kings"]

1. Nf3 d5 2. c4 Nf6 3. b3 Bg4 4. Ne5 Bf5 5. d3 d4 6. g3 Nbd7 7. Nxd7 Qxd7 8.
Bg2 c5 9. Nd2 Bh3 10. O-O Bxg2 11. Kxg2 h5 12. h4 Qc6+ 13. Nf3 Nd7 14. Kg1 e5
15. Bb2 Be7 16. Re1 O-O-O 17. e3 Bf6 18. exd4 exd4 19. Nd2 Ne5 20. Ne4 Rdg8 21.
b4 g5 22. hxg5 Bxg5 23. bxc5 Bf6 24. Bxd4 h4 25. Nd6+ Kb8 26. Bxe5 Bxe5 27.
Rxe5 hxg3 28. Ne4 gxf2+ 29. Kxf2 Rh2+ 30. Ke3 Qh6+ 31. Kd4 Qh8 32. Kd5 Rh4 33.
Nd6 Rd8 34. Rb1 b6 35. Qa4 f6 36. Re7 Qh5+ 37. Kc6 Qxc5# 0-1